01107nam a22001217a 4500008004100000100001700041245005500058260004400113300003700157520067000194650007600864773004500940210310b ||||| |||| 00| 0 eng d aKumar, Dilip aFacets of Indian modernity: Realm of possibilities aBihar Journal of Public Administration  a17(1), Jan-June, 2020: p.206-215 aModernity is invariably related to the spirit of freedom. This freedom is rooted in the critical consciousness that it generates. There is nothing which is beyond critical examination. Instead, everything – including the most sacred-has to be observed, verified and interrogated. No wonder, this fundamental Enlightenment spirit which was evolved through the historic Renaissance and Reformation, broke the static/taken for granted world: a world often legitimated by social customs, religious sanctions and an institutionalized divine order. As such the present paper examines the phenomena of modernity in context Indian traditions and thoughts. – Reproduced  aModernity, National struggle, Gandhi, Ambedkar, Aurobindo, Nehru, India aBihar Journal of Public Administration